| 000 | 03271nam a2200541Ia 4500 | ||
|---|---|---|---|
| 001 | dia_5858 | ||
| 003 | CHAP | ||
| 005 | 20240425090335.0 | ||
| 007 | ta | ||
| 008 | 220117s2015 mx abdof 001 0 spa d | ||
| 040 |
_amxchpua _cCHAP |
||
| 090 |
_aT.C.663 _bB84 IA _c2015 |
||
| 245 | 1 | 0 |
_aAntecedentes bibliográficos de 5 sistemas, productos y caracterización de 25 agroindustrias en los estados mexicanos de Sinaloa, Nayarit, Jalisco, Guanajuato y Querétaro / _ccoordinadora María Ofelia Buendía González ; colaboradores Luis Fernando Arroyo Dosseti...[y otros] |
| 260 |
_aMéxico : _bEl Autor, _c2015 |
||
| 300 |
_aiii, 331 páginas : _bilustraciones, diagramas, gráficas, mapas, tablas, fotos |
||
| 336 |
_2rdacontent _atexto _btxt |
||
| 337 |
_2rdamedia _ano mediado _bn |
||
| 338 |
_2rdacarrier _avolumen _bnc |
||
| 500 | _aGrado: 4° año Grupo: 01 Directorio: páginas 328-331 | ||
| 502 |
_aViaje de estudios _b(IA) -- _cUACh. Departamento de Ingeniería Agroindustrial, _d2015 |
||
| 504 | _aBibliografía: páginas 317-327 | ||
| 505 | 0 | 0 | _tEmpresas visitadas: -- 1.Productos de leche de Acatic, S. C. L. -- 2. Alimentos La Concordia, S. A. de C. V. -- 3. Cervecería del Pacífico, S. de R. L. de C. V. -- 4. Rastro Municipal de Querétaro TIF 412 -- 5. Alimentos Eco Pacific Food, S. A. de C. V. -- 6. Congeladora Oceánica, S. A. de C. V. -- 7. Rastro Municipal de Mazatlán, Sinaloa, Rafael Domínguez -- 8. Rastro Municipal de aves de León, Guanajuato -- 9. Tequila Don Valente -- 10. Vinata Santa Clara, S. A. de C. V. -- 11. Finca Sala Vivé by Freixenet México -- 12. Forrajes Tesistan, S. A. de C. V. -- 13. Maz Industrial, S. A. de C. V. -- 14. Alimentos Balanceados PREVITEP -- 15. La India Verdeña, S. A. de C. V. -- 16. BIMBO, S. A. de C. V. -- 17. Harinera Seis Hermanos, S. A. de C. V. -- 18. Industrializadora Oleofinos, S. A. de C. V. -- 19. CITRO FRUT, S. A. de C. V. -- 20. Empaque Don Jorge, S. A. de C. V. -- 21. Xtra Congelados Naturales, S. A. de C. V. -- 22. Cristalita, S. A. de C. V. -- 23. Roberto´s Mangos, S. A. de C. V. -- 24. Fábrica de dulces Marmor, S. A. de C. V. -- 25. Ingenio El molino, S. A. de C. V. |
| 650 | 1 | 3 |
_aEdulcorantes _935703 |
| 650 | 1 | 3 |
_aFruta (alimentos) _9157059 |
| 650 | 1 | 3 |
_aHortalizas _9150602 |
| 650 | 1 | 3 |
_aIndustria alimentaria _9141176 |
| 650 | 1 | 3 |
_aIndustria cervecera _957799 |
| 650 | 1 | 3 |
_aIndustria del vino _9151418 |
| 650 | 1 | 3 |
_aIndustria lechera _957819 |
| 650 | 1 | 3 |
_aBrewing industry _9151423 |
| 650 | 1 | 3 |
_aWine industry _9151419 |
| 650 | 1 | 3 |
_aDairy industry _9147323 |
| 650 | 1 | 3 |
_aFeed industry _9149936 |
| 650 | 1 | 3 |
_aFruits (food) _9158619 |
| 650 | 1 | 3 |
_aHorticultural products industry _9151427 |
| 650 | 1 | 3 |
_aOilseeds _9152851 |
| 650 | 1 | 3 |
_aOleaginosas _9143465 |
| 650 | 1 | 3 |
_aSweeteners _9161501 |
| 700 | 1 |
_aBuendía González, María Ofelia _9150532 _ecoordinadora |
|
| 700 | 1 |
_aArroyo Dosseti, Luis Fernando _9159570 _ecolaborador |
|
| 856 | 4 | 2 |
_uhttp://10.13.5.2/ve/TC663IA/TC663IA2015-REPORTE.pdf _yDESCARGAR REPORTE |
| 901 | _aT.C.663 B84 IA 2015 | ||
| 902 | _aM | ||
| 905 | _a5232272015 mx nmbl8223123322spa16 | ||
| 942 | _2local | ||
| 942 | _cVE | ||
| 999 |
_c176816 _d176816 |
||